zpět

Detail výsledku týmu

2 Promile Restaurant, Ostrava

Datum a čas kvízu

24.5 Celkem bodů Celkový počet nahraných bodů na tomto kvízu bez doplňovacích otázek.
4. Pořadí na kvízu Konečné umístění týmu na tomto kvízu.

Zaznamenané odpovědi

# Otázka Odpověď Body Výsledky
1. Největší český online prodejce... Rohlik(.cz), Rabbit (CZ) 0.5
2. Jistý stát zažil minulý týden... Čína 0
3. Letošní vyhlášení tuzemských k... Muriel 0
4. Španělská policie zatkla na ji... s viagrou (lékem na potenci) 0
5. 34letý trojnásobný mistr světa... Peter Sagan 1
6. Součástí televizního programu... Hodina pravdy 1
7. Která veřejně známá osobnost z... Ladislav Zibura 0
8. Mezi lety 1996 až 2006 vysílal... Videostop 1
9. V dnešní době je velmi populár... jednou 0
10. Kdo z uvedených nikdy nemodero... D 0